Current and Former Communist Nations - Statistics

General Stats
  • This quiz has been taken 63 times
  • The average score is 21 of 26
Answer Stats
Continent Nation % Correct
North America Cuba
100%
Europe/Asia (formerly) Soviet Union
98%
Asia Vietnam
96%
Europe (formerly) Yugoslavia
96%
Europe (formerly) Bulgaria
94%
Asia China
94%
Asia Laos
94%
Asia North Korea
94%
Europe (formerly) Poland
94%
Europe (formerly) Romania
92%
Europe (formerly) Albania
90%
Europe (formerly) Czechoslovakia
90%
Europe (formerly) Hungary
90%
Asia (formerly) Cambodia
87%
Africa (formerly) Angola
79%
Africa (formerly) Ethiopia
79%
Europe (formerly) East Germany
77%
Asia (formerly) Mongolia
73%
Africa (formerly) Republic of the Congo
71%
Africa (formerly) Mozambique
69%
Africa (formerly) Somalia
65%
Asia (formerly) Yemen
58%
Africa (formerly) Benin
56%
Asia (formerly) Afghanistan
54%
North America (formerly) Grenada
54%
Africa (formerly) Madagascar
37%
No matching quizzes found
Score Distribution
Percent of People with Each Score
Percentile by Number Answered
Your Score History
You have not taken this quiz